Kontakt 1998/99 obchodný adresár firiem Košíc, Prešova, Popradu, Spišskej Novej Vsi a východoslovenského regiónu

Podrobná bibliografia
Médium: Kniha
Jazyk:slovenčina
Fyzický popis:[292] s. fotogr., rekl., tab. 30 cm
Vydavateľské údaje: Bratislava Juven-Fitr 1998
ISBN:8085669358
Edícia:Ekonomický a právny poradca podnikateľa
Predmet:

MARC

LEADER 00000nam a2200000 a 4500
001 vtls001356691
003 SK-MaSNL
005 20260426004449.0
008 251113s1998 xo a y 0 slo
015 |a SNBF1999/03-01504 
020 |a 8085669358 
035 |a SNK000310179 
040 |a SNK  |b slo  |c SNK  |e AACR2 
041 0 |a slo 
044 |a xo  |c SK 
080 |a 658.11+658.64+659(437.67)(058)"1998/1999"  |2 1981 
080 |a 658.64  |2 1981 
080 |a 659  |2 1981 
080 |a 339.16.012.23  |2 1981 
080 |a 334.7  |2 1981 
245 1 |a Kontakt 1998/99  |b obchodný adresár firiem Košíc, Prešova, Popradu, Spišskej Novej Vsi a východoslovenského regiónu 
260 |a Bratislava  |b Juven-Fitr  |c 1998 
300 |a [292] s.  |b fotogr., rekl., tab.  |c 30 cm 
490 1 |a Ekonomický a právny poradca podnikateľa 
648 7 |a 1998-1999  |2 SNK  |9 291990 
650 0 7 |a firmy  |2 SNK  |9 2190 
650 0 7 |a služby  |2 SNK  |9 2356 
651 7 |a Košice (Slovensko)  |2 SNK  |9 18694 
651 7 |a Slovensko východné  |2 SNK  |9 161134 
651 7 |a Prešov (Slovensko)  |2 SNK  |9 17347 
651 7 |a Poprad (Slovensko)  |2 SNK  |9 20155 
651 7 |a Spišská Nová Ves (Slovensko)  |2 SNK  |9 28800 
830 0 |a Ekonomický a právny poradca podnikateľa  |9 299994 
919 |a 80-85669-35-8 
958 |a FAD 
958 |a TL 
999 |c 978593  |d 980523 
952 |t P60, <09>, [BOOK], {629}  |a SNK  |b SNK  |y NEVYP  |7 0  |o snkB 108  |i snk401/990325  |0 0  |1 0  |4 0  |d 1999-03-05  |l 0  |r 2005-01-02 00:00:00  |w 2026-02-24 
952 |t P60, <03>, [BOOK], {603}  |a SNK  |b SNK  |y PREZ  |7 0  |p 17A0183367  |o snkOSB 11258/1998/99  |i snkKSP 2298/99  |0 0  |1 0  |4 0  |d 1999-03-05  |l 0  |r 2005-01-02 00:00:00  |w 2026-02-24 
952 |t P60, <04>, [BOOK], {604}  |a SNK  |b SNK  |y VYP  |7 0  |p 17A0183368  |o snkOSB 11258/1998/99 D1  |i snkKSP 2299/99  |0 0  |1 0  |4 0  |d 1999-03-05  |l 0  |r 2005-01-02 00:00:00  |w 2026-02-24